000 00548nam a2200181Ia 4500
003 IN-BaIIA
008 211028s9999 xx 000 0 eng d
040 _cIIA Library
080 _a681.3
_bBRO
100 _aBrooks, P. Frederick
_94448
245 0 _aAutomatic data processing
_cFrederick B.P. and Kenneth E. Iverson
260 _aNew York
_bJohn Wiley & Sons
_c1963
300 _axvii, 494p.
650 _aData Processing
_94335
650 _aNASA Thesaurus
700 _aIverson, E.P.
_94449
942 _cBK
999 _c2489
_d2489